000 00561nam a2200181Ia 4500
003 GCL
008 140319s9999 xx 000 0 ara d
040 _aGCL /
_cGCL
082 0 4 _a155.4
_bح ط
100 1 _aحسين عبدالحميد احمد رشوان
245 1 0 _aالطفل دراسة فى علم الاجتماع النفسى /
_cحسين عبدالحميد احمد رشوان
300 _a155 ص
490 _a100 قصة
_v0
650 0 4 _aالاطفال
650 0 4 _aعلم النفس
650 0 4 _aالاجتماع، علم
942 _2ddc
_cBK
999 _c44309
_d44309